| 000 | 00483nam a2200181Ia 4500 | ||
|---|---|---|---|
| 005 | 20250508162719.0 | ||
| 008 | 008 250505s9999 xx 000 0 eng d | ||
| 037 | _aTextual | ||
| 040 |
_aFEDL _beng _cFEDL |
||
| 041 |
_aeng _2eng |
||
| 084 |
_aB, CHI _qFEDL |
||
| 100 |
_aVarma Ravindra Nath _9773892 |
||
| 245 | 0 | _aC. Y. Chintamani | |
| 260 |
_aNew Delhi, India _bNational Book Trust _c1985 |
||
| 300 | _a83p. | ||
| 942 |
_cTEXL _hB, CHI |
||
| 999 |
_c1378248 _d1378248 |
||